| 000 | 00904nam a2200277 a 4500 | ||
|---|---|---|---|
| 001 | 000111783 | ||
| 003 | CHAP | ||
| 005 | 20220329144228.0 | ||
| 008 | 150728s2014 mx |r| ||||||spa d | ||
| 010 | _a108244 | ||
| 011 | _a109216 | ||
| 020 | _a9786077761617 | ||
| 040 | _cCHAP | ||
| 082 | 0 | 4 |
_a307.140972 _bI59 |
| 245 | 0 | 0 |
_aInstituciones y actores en sociedades heterogéneas con rasgos de pre, post y modernidad / _ccoordinado por Cecilia Cadena Inostoza. |
| 260 |
_aZinacantepec, Estado de México : _bEl Colegio Mexiquense, A.C., _c2014. |
||
| 300 | _a231 p. | ||
| 590 |
_aE5765TAJ _b05 _c20150728 _lUCH01 _h1120 |
||
| 650 | 1 | 4 |
_aMéxico (Edo.) _xCondiciones sociales. _976825 |
| 650 | 1 | 4 |
_aOaxaca _xPolítica y gobierno. _982487 |
| 650 | 1 | 4 |
_aOaxaca _xVida social y costumbres. _982488 |
| 650 | 1 | 4 |
_aQuerétaro _xCondiciones sociales. _993195 |
| 901 | _aBK | ||
| 942 | _cLIBRO | ||
| 942 | _n0 | ||
| 999 |
_c108244 _d108244 |
||